000
00205nam a2200085Ia 4500
008
170620s9999 xx 000 0 und d
100
_a
Menon N. R.
245
0
_a
Holland on Jurisprudence
260
_b
Universal Law Pub.
260
_c
2001
999
_c
28582
_d
28582